[Event "Zalakaros Barczay Memorial"]
[Site "Zalakaros"]
[Date "2023.06.08"]
[Round "6"]
[White "Pogany, Zsombor"]
[Black "Luong, Phuong Hanh"]
[Result "1/2-1/2"]
[WhiteElo "2174"]
[BlackElo "2029"]
[PlyCount "151"]
[EventDate "2023.06.03"]
[EventType "swiss"]
[EventRounds "9"]
[EventCountry "HUN"]
[SourceTitle "CBM 214 Extra"]
[Source "ChessBase"]
[SourceDate "2023.07.31"]
[SourceVersion "1"]
[SourceVersionDate "2023.07.31"]
[SourceQuality "1"]

1. e4 c5 2. Nc3 Nc6 3. Nge2 g6 4. d4 cxd4 5. Nxd4 Bg7 6. Be3 Nf6 7. Bc4 0-0 8. Bb3 a5 9. 0-0 a4 10. Nxa4 Nxe4 11. Nb5 Ra6 12. Qe2 Na5 13. Rad1 Nxb3 14. axb3 d6 15. Bd4 Nf6 16. c4 Bd7 17. Nac3 Bc6 18. b4 Nh5 19. Bxg7 Kxg7 20. Qe3 Bxb5 21. Nxb5 Nf6 22. Rfe1 Re8 23. h3 Qd7 24. Nc3 Qf5 25. b5 Raa8 26. Qb6 Qc8 27. Qd4 Kg8 28. b4 b6 29. Re3 Qc7 30. Rf3 Rec8 31. Nd5 Nxd5 32. Qxd5 Qxc4 33. Qb7 Qe2 34. Rf1 Rcb8 35. Qd5 Qa2 36. Qg5 Re8 37. Re1 e5 38. h4 h5 39. Rc1 Rac8 40. Rc6 Qd5 41. Rxb6 Re6 42. Qe3 Rc4 43. Rb8+ Kg7 44. Qg5 f6 45. Qe3 Re7 46. Qb6 Rxh4 47. Rh3 Rg4 48. Rg3 Rxg3 49. fxg3 Qd4+ 50. Qxd4 exd4 51. Rd8 Re1+ 52. Kf2 Rb1 53. Rxd6 Rxb4 54. b6 Rb3 55. Rd7+ Kh6 56. b7 Kg5 57. Rd5+ f5 58. Rd7 Rb2+ 59. Kf3 d3 60. Rxd3 Rxb7 61. Rd6 Rb3+ 62. Kf2 Rb4 63. Kf3 h4 64. gxh4+ Rxh4 65. g3 Rh2 66. Ra6 Kh5 67. Ra5 Kg5 68. Ra6 Rb2 69. Ra4 Rb3+ 70. Kf2 Rb6 71. Kf3 Kf6 72. g4 Rb3+ 73. Kg2 Kg5 74. gxf5 gxf5 75. Kf2 Rc3 76. Rb4 1/2-1/2

[Event "Budapest Vezerkepzo Summer IM"]
[Site "Budapest"]
[Date "2022.07.28"]
[Round "1"]
[White "Szalay Ocsak, Bank"]
[Black "Pogany, Zsombor"]
[Result "1/2-1/2"]
[WhiteElo "2146"]
[BlackElo "2178"]
[PlyCount "128"]
[EventDate "2022.07.28"]
[EventType "tourn"]
[EventRounds "9"]
[EventCountry "HUN"]
[SourceTitle "CBM 209 Extra"]
[Source "ChessBase"]
[SourceDate "2022.09.30"]
[SourceVersion "1"]
[SourceVersionDate "2022.09.30"]
[SourceQuality "1"]

1. e4 c5 2. Nf3 d6 3. d4 cxd4 4. Nxd4 Nf6 5. Nc3 a6 6. Bg5 e6 7. f4 Be7 8. Qf3 Qc7 9. 0-0-0 Nbd7 10. g4 b5 11. Bxf6 Nxf6 12. g5 Nd7 13. f5 0-0 14. Rg1 b4 15. Nce2 e5 16. f6 exd4 17. fxe7 Re8 18. Nxd4 Ne5 19. Qb3 Bg4 20. Rd2 Qxe7 21. Nf5 Qa7 22. Rg3 a5 23. Qe3 Qc7 24. Qd4 Bxf5 25. exf5 Nc6 26. Qh4 Re1+ 27. Rd1 Rxd1+ 28. Kxd1 Ne5 29. Rh3 h6 30. gxh6 Rc8 31. c3 Qd8 32. hxg7 Qxh4 33. Rxh4 Kxg7 34. cxb4 axb4 35. Rxb4 Rh8 36. h4 Kf6 37. a4 Kxf5 38. a5 Ra8 39. Bh3+ Kf6 40. Ra4 Nd3 41. Kc2 Nc5 42. Ra3 Na6 43. Bf1 Nb4+ 44. Kd1 Ke5 45. Ra4 Nd5 46. Kd2 Rb8 47. Kc1 Ne3 48. Be2 d5 49. a6 Kd6 50. a7 Ra8 51. h5 Nf5 52. Bf3 Kc6 53. Ra5 Ne7 54. b4 Kb6 55. Bxd5 Nxd5 56. Rxd5 Rxa7 57. Kb2 Re7 58. Rd2 Re4 59. Rh2 Rxb4+ 60. Kc3 Kc5 61. h6 Rb8 62. h7 Rh8 63. Rh5+ Kd6 64. Rh6+ Ke5 1/2-1/2

[Event "Budapest Vezerkepzo IM Winter"]
[Site "Budapest"]
[Date "2022.01.27"]
[Round "3"]
[White "Pogany, Zsombor"]
[Black "Mirzoev, Azer"]
[Result "0-1"]
[WhiteElo "2205"]
[BlackElo "2432"]
[PlyCount "84"]
[EventDate "2022.01.25"]
[EventType "tourn"]
[EventRounds "9"]
[EventCountry "HUN"]
[SourceTitle "CBM 206 Extra"]
[Source "ChessBase"]
[SourceDate "2022.03.31"]
[SourceVersion "1"]
[SourceVersionDate "2022.03.31"]
[SourceQuality "1"]

1. e4 e5 2. Nf3 Nc6 3. Bc4 Bc5 4. c3 Nf6 5. d3 a6 6. 0-0 Ba7 7. Re1 d6 8. a4 0-0 9. Nbd2 Ne7 10. Nf1 Ng6 11. Ng3 c6 12. Bb3 h6 13. h3 Re8 14. d4 Qc7 15. Bc2 c5 16. d5 b5 17. b3 Bd7 18. axb5 axb5 19. Be3 c4 20. b4 Bxe3 21. fxe3 Qb6 22. Kh2 Ra7 23. Rxa7 Qxa7 24. Qa1 Ra8 25. Qb2 Ne7 26. Re2 Qa1 27. Qxa1 Rxa1 28. Re1 Ra2 29. Rc1 Nc8 30. Kg1 Nb6 31. Ne1 h5 32. Kf1 g6 33. Ne2 Kg7 34. Bb1 Ra3 35. Nc2 Rb3 36. Ne1 Na4 37. Bc2 Ra3 38. Bb1 Nb2 39. Bc2 h4 40. Bb1 g5 41. Kf2 Kh6 42. Ng1 Rxc3 0-1

[Event "Budapest Vezerkepzo IM Winter"]
[Site "Budapest"]
[Date "2022.01.25"]
[Round "1"]
[White "Gombocz, Ferenc Jr"]
[Black "Pogany, Zsombor"]
[Result "1/2-1/2"]
[WhiteElo "2250"]
[BlackElo "2205"]
[PlyCount "55"]
[EventDate "2022.01.25"]
[EventType "tourn"]
[EventRounds "9"]
[EventCountry "HUN"]
[SourceTitle "CBM 206 Extra"]
[Source "ChessBase"]
[SourceDate "2022.03.31"]
[SourceVersion "1"]
[SourceVersionDate "2022.03.31"]
[SourceQuality "1"]

1. c4 e5 2. g3 d6 3. Bg2 f5 4. Nc3 Nf6 5. d3 Be7 6. e4 c6 7. Nge2 0-0 8. 0-0 fxe4 9. Nxe4 Nxe4 10. dxe4 Be6 11. b3 a6 12. Bb2 Nd7 13. Qc2 Nf6 14. h3 Qd7 15. Kh2 Qe8 16. f4 Qh5 17. Qd3 Bg4 18. Ng1 Rad8 19. Rae1 exf4 20. Rxf4 Bc8 21. Qc3 Qh6 22. Ne2 Ng4+ 23. Kg1 Ne5 24. Bc1 Bf6 25. Rf2 Qh5 26. Nf4 Qe8 27. Qe3 g5 28. Nd3 1/2-1/2

[Event "Budapest FS06 IM"]
[Site "Budapest"]
[Date "2021.06.15"]
[Round "9"]
[White "Pogany, Zsombor"]
[Black "Turzo, Attila"]
[Result "0-1"]
[WhiteElo "2259"]
[BlackElo "2311"]
[PlyCount "94"]
[EventDate "2021.06.05"]
[EventType "tourn"]
[EventRounds "9"]
[EventCountry "HUN"]
[EventCategory "2"]
[SourceTitle "EXT 2022"]
[Source "ChessBase"]
[SourceDate "2021.10.06"]
[SourceVersion "1"]
[SourceVersionDate "2021.10.06"]
[SourceQuality "1"]

1. e4 c6 2. Nf3 d5 3. d3 Bg4 4. h3 Bxf3 5. Qxf3 e5 6. exd5 cxd5 7. c4 Bb4+ 8. Bd2 Bxd2+ 9. Nxd2 Nf6 10. g4 Nc6 11. Bg2 Nd4 12. Qd1 0-0 13. Nb3 Ne6 14. 0-0 Nf4 15. Qf3 Re8 16. Rfe1 h6 17. cxd5 N6xd5 18. d4 Qf6 19. Rad1 Rad8 20. Re4 exd4 21. Rdxd4 Rxe4 22. Qxe4 b6 23. Rd2 g6 24. Qc4 Qe5 25. Bxd5 Rxd5 26. Rxd5 Qe1+ 27. Qf1 Nxh3+ 28. Kg2 Nf4+ 29. Kg1 Qxf1+ 30. Kxf1 Nxd5 31. Ke2 Kf8 32. Kf3 Ke7 33. Nd4 a6 34. Ke4 Kd6 35. f4 Nf6+ 36. Kf3 Kd5 37. Nc2 a5 38. g5 hxg5 39. fxg5 Nd7 40. Kf4 Nc5 41. Ne3+ Kd4 42. Nc2+ Kd3 43. Na3 Ne6+ 44. Kg4 Nd4 45. Kf4 b5 46. Ke5 b4 47. Nb1 Nf3+ 0-1

[Event "Budapest FS06 IM"]
[Site "Budapest"]
[Date "2021.06.09"]
[Round "5"]
[White "Pogany, Zsombor"]
[Black "O'Donnell, Conor"]
[Result "0-1"]
[WhiteElo "2259"]
[BlackElo "2331"]
[PlyCount "132"]
[EventDate "2021.06.05"]
[EventType "tourn"]
[EventRounds "9"]
[EventCountry "HUN"]
[EventCategory "2"]
[SourceTitle "CBM 202 Extra"]
[Source "ChessBase"]
[SourceDate "2021.07.31"]
[SourceVersion "1"]
[SourceVersionDate "2021.07.31"]
[SourceQuality "1"]

1. e4 e6 2. d4 d5 3. Nc3 Nf6 4. e5 Nfd7 5. f4 c5 6. Nf3 Nc6 7. Be3 h6 8. Qd2 g5 9. fxg5 cxd4 10. Nxd4 Ndxe5 11. Be2 hxg5 12. Bxg5 Bh6 13. Bxd8 Bxd2+ 14. Kxd2 Kxd8 15. Ncb5 Ke7 16. Rae1 a6 17. Nxc6+ bxc6 18. Nd4 Kd6 19. h4 f5 20. Nf3 Nf7 21. Ng5 Nxg5 22. hxg5 Rg8 23. Rh5 Ra7 24. g4 fxg4 25. Bxg4 Rag7 26. Rh6 Rg6 27. Bh3 Rxh6 28. gxh6 Rh8 29. Rg1 Rxh6 30. Rg8 Kc7 31. Bg4 c5 32. Rg7+ Bd7 33. Be2 e5 34. Bg4 Rd6 35. Re7 Kd8 36. Rg7 Bxg4 37. Rxg4 Ke7 38. Rh4 Rg6 39. Rh7+ Ke6 40. Rc7 c4 41. b3 Kd6 42. Rc8 cxb3 43. axb3 d4 44. Rd8+ Kc5 45. Kd3 Rg3+ 46. Kd2 Rg2+ 47. Kd3 Rg3+ 48. Kd2 e4 49. Rc8+ Kd5 50. Rd8+ Ke5 51. Re8+ Kf4 52. Rf8+ Kg4 53. Rg8+ Kf3 54. Rf8+ Kg2 55. Rd8 Kf2 56. Rf8+ Rf3 57. Re8 e3+ 58. Kd3 a5 59. c4 dxc3 60. Kxc3 Rf7 61. Kd3 Rd7+ 62. Kc2 e2 63. Rf8+ Ke1 64. Rc8 Rd2+ 65. Kc1 Rd1+ 66. Kc2 Kf2 0-1

[Event "Balatonalmadi Pannonia Cup 27th"]
[Site "Balatonalmadi"]
[Date "2019.07.25"]
[Round "2"]
[White "Pogany, Zsombor"]
[Black "Meszaros, Andras"]
[Result "1/2-1/2"]
[WhiteElo "2060"]
[BlackElo "2271"]
[PlyCount "50"]
[EventDate "2019.07.24"]
[EventType "swiss"]
[EventRounds "7"]
[EventCountry "HUN"]
[SourceTitle "CBM 191 Extra"]
[Source "ChessBase"]
[SourceDate "2019.09.30"]
[SourceVersion "1"]
[SourceVersionDate "2019.09.30"]
[SourceQuality "1"]

1. e4 c5 2. Nf3 b6 3. c4 Bb7 4. Nc3 e6 5. d4 cxd4 6. Nxd4 a6 7. Bd3 Nc6 8. Nxc6 Bxc6 9. 0-0 Qc7 10. b3 Nf6 11. Qe2 d6 12. Nd5 Qb7 13. Bb2 Nd7 14. Nb4 Nc5 15. Nxc6 Qxc6 16. Bc2 e5 17. f4 Ne6 18. fxe5 dxe5 19. Rad1 Bc5+ 20. Kh1 Nd4 21. Bxd4 Bxd4 22. Rd3 0-0 23. Rg3 Rad8 24. Qg4 Qh6 25. b4 Rd6 1/2-1/2

[Event "HUN-ch U18"]
[Site "Balatonlelle"]
[Date "2019.06.25"]
[Round "6"]
[White "Pogany, Zsombor"]
[Black "Miszler, Levente"]
[Result "1/2-1/2"]
[WhiteElo "2121"]
[BlackElo "2041"]
[PlyCount "34"]
[EventDate "2019.06.21"]
[EventType "swiss"]
[EventRounds "9"]
[EventCountry "HUN"]
[SourceTitle "CBM 191 Extra"]
[Source "ChessBase"]
[SourceDate "2019.09.30"]
[SourceVersion "1"]
[SourceVersionDate "2019.09.30"]
[SourceQuality "1"]

1. b3 e5 2. Bb2 Nc6 3. e3 g6 4. Nf3 Bg7 5. Bb5 Nge7 6. e4 a6 7. Bxc6 Nxc6 8. d4 exd4 9. Nxd4 Qh4 10. 0-0 Nxd4 11. Bxd4 0-0 12. Bxg7 Kxg7 13. Re1 d6 14. Nc3 Be6 15. Nd5 Bxd5 16. Qxd5 Rab8 17. g3 Qf6 1/2-1/2

[Event "HUN-ch U18"]
[Site "Balatonlelle"]
[Date "2019.06.24"]
[Round "4"]
[White "Pogany, Zsombor"]
[Black "Szabo, A Martin"]
[Result "1-0"]
[WhiteElo "2121"]
[BlackElo "1946"]
[PlyCount "81"]
[EventDate "2019.06.21"]
[EventType "swiss"]
[EventRounds "9"]
[EventCountry "HUN"]
[SourceTitle "CBM 191 Extra"]
[Source "ChessBase"]
[SourceDate "2019.09.30"]
[SourceVersion "1"]
[SourceVersionDate "2019.09.30"]
[SourceQuality "1"]

1. e4 c5 2. Nf3 Nc6 3. c4 e5 4. Nc3 d6 5. g3 g6 6. Bg2 Bg7 7. d3 Nge7 8. Be3 0-0 9. h4 Bg4 10. Qd2 Bxf3 11. Bxf3 Nd4 12. Bxd4 exd4 13. Nd5 Nxd5 14. cxd5 b5 15. 0-0 c4 16. h5 Qb6 17. hxg6 hxg6 18. Kg2 a5 19. Rh1 a4 20. Rh3 c3 21. Qc2 b4 22. Rah1 b3 23. Qc1 f6 24. Bg4 f5 25. exf5 Qb7 26. fxg6 Qxd5+ 27. f3 Rf6 28. Rh5 Qb7 29. Bf5 Ra5 30. g4 bxa2 31. bxc3 Rfxf5 32. Rxf5 Rxf5 33. gxf5 dxc3 34. Qe3 Qc8 35. Qe4 Kf8 36. Qd5 Qd7 37. Re1 Bf6 38. Qxa2 d5 39. Re6 Kg7 40. Qb1 Qc7 41. Qh1 1-0

[Event "HUN-ch U18"]
[Site "Balatonlelle"]
[Date "2019.06.21"]
[Round "1"]
[White "Laszlo, Csaba"]
[Black "Pogany, Zsombor"]
[Result "0-1"]
[WhiteElo "1852"]
[BlackElo "2121"]
[PlyCount "64"]
[EventDate "2019.06.21"]
[EventType "swiss"]
[EventRounds "9"]
[EventCountry "HUN"]
[SourceTitle "CBM 191 Extra"]
[Source "ChessBase"]
[SourceDate "2019.09.30"]
[SourceVersion "1"]
[SourceVersionDate "2019.09.30"]
[SourceQuality "1"]

1. e4 Nf6 2. e5 Nd5 3. d4 d6 4. exd6 cxd6 5. Nf3 g6 6. c4 Nb6 7. Nc3 Bg7 8. Be3 0-0 9. Bd3 Bg4 10. h3 Bxf3 11. Qxf3 Nc6 12. 0-0 Qd7 13. c5 dxc5 14. dxc5 Ne5 15. Qe2 Qxd3 16. cxb6 axb6 17. Qxd3 Nxd3 18. Rab1 b5 19. a3 Rfd8 20. Nxb5 Nxb2 21. Bd4 Bxd4 22. Nxd4 Nc4 23. Nf3 Rd7 24. Rb4 Nxa3 25. Ra1 Ra6 26. Rb3 Nc4 27. Rc1 Nd6 28. Ne5 Rd8 29. Rc7 Kf8 30. Nc4 Ra1+ 31. Kh2 Rc1 32. Rd3 Rb8 0-1

[Event "HUN-chT2 Breyer 1718"]
[Site "Hungary"]
[Date "2018.03.04"]
[Round "9.8"]
[White "Pogany, Zsombor"]
[Black "Fehervari, Istvan"]
[Result "1-0"]
[WhiteElo "1792"]
[BlackElo "1971"]
[PlyCount "73"]
[EventDate "2017.09.24"]
[EventType "team-tourn"]
[EventRounds "11"]
[EventCountry "HUN"]
[SourceTitle "EXT 2021"]
[Source "ChessBase"]
[SourceDate "2020.10.23"]
[SourceVersion "1"]
[SourceVersionDate "2020.10.23"]
[SourceQuality "1"]
[WhiteTeam "Zsambek"]
[BlackTeam "Szekesfehervar"]
[WhiteTeamCountry "HUN"]
[BlackTeamCountry "HUN"]

1. f4 d5 2. Nf3 g6 3. e3 Bg7 4. d4 Bg4 5. c4 c6 6. Nc3 e6 7. Bd3 Nh6 8. 0-0 0-0 9. h3 Bxf3 10. Qxf3 dxc4 11. Bxc4 Nf5 12. Kh2 Nd7 13. b4 Qc7 14. Ba3 Rfe8 15. Rac1 Rac8 16. g4 Nd6 17. Bb3 Qb8 18. Kh1 Kh8 19. Rc2 Nb6 20. h4 Nd5 21. Nxd5 cxd5 22. Rh2 Ne4 23. Bc2 f5 24. h5 gxh5 25. gxf5 Nf6 26. fxe6 Rxc2 27. Rxc2 Rxe6 28. Rfc1 Re8 29. b5 Bf8 30. Bxf8 Rxf8 31. Rc7 Qd8 32. Qh3 Qe8 33. Rc8 Qe4+ 34. Qg2 Qxg2+ 35. Kxg2 Rxc8 36. Rxc8+ Kg7 37. Rc7+ 1-0

[Event "Budapest Karacsonyi op"]
[Site "Budapest"]
[Date "2017.12.30"]
[Round "6"]
[White "Pogany, Zsombor"]
[Black "Szurkos, Andras"]
[Result "1/2-1/2"]
[WhiteElo "1976"]
[BlackElo "1667"]
[PlyCount "94"]
[EventDate "2017.12.27"]
[EventType "swiss"]
[EventRounds "7"]
[EventCountry "HUN"]
[SourceTitle "CBM 182 Extra"]
[Source "ChessBase"]
[SourceDate "2018.02.23"]
[SourceVersion "1"]
[SourceVersionDate "2018.02.23"]
[SourceQuality "1"]

1. e4 e5 2. Nf3 Nc6 3. Bc4 Bc5 4. 0-0 Nf6 5. d3 0-0 6. c3 d6 7. b4 Bb6 8. Bg5 h6 9. Bh4 Be6 10. Nbd2 a6 11. Qb3 Bxc4 12. Nxc4 g5 13. Nxb6 cxb6 14. Bg3 Rc8 15. Nd2 Nh5 16. Nc4 b5 17. Ne3 Ne7 18. Rac1 Kg7 19. Qd1 Nf4 20. h4 f5 21. hxg5 hxg5 22. exf5 Nxf5 23. Bxf4 exf4 24. Nd5 Ne7 25. Qf3 Nxd5 26. Qxd5 Rc6 27. c4 bxc4 28. Rxc4 Rxc4 29. dxc4 Qe7 30. Rd1 Rc8 31. Kf1 Kf6 32. Re1 Qd7 33. Re5 Rxc4 34. Rxg5 Rc1+ 35. Ke2 Qe6+ 36. Kf3 Qxd5+ 37. Rxd5 Ke6 38. Rd4 Rc2 39. a4 d5 40. Rxf4 Ke5 41. Rf7 Rc3+ 42. Ke2 b6 43. Rb7 Ra3 44. Rxb6 Rxa4 45. g3 Ra2+ 46. Kf3 d4 47. b5 Ra3+ 1/2-1/2

[Event "HUN-chT2 Breyer 1718"]
[Site "Hungary"]
[Date "2017.10.08"]
[Round "2.11"]
[White "Pogany, Zsombor"]
[Black "Benyeda, Monika"]
[Result "1-0"]
[WhiteElo "1906"]
[BlackElo "1306"]
[PlyCount "41"]
[EventDate "2017.09.24"]
[EventType "team-tourn"]
[EventRounds "11"]
[EventCountry "HUN"]
[SourceTitle "EXT 2021"]
[Source "ChessBase"]
[SourceDate "2020.10.23"]
[SourceVersion "1"]
[SourceVersionDate "2020.10.23"]
[SourceQuality "1"]
[WhiteTeam "Zsambek"]
[BlackTeam "Vizugy"]
[WhiteTeamCountry "HUN"]
[BlackTeamCountry "HUN"]

1. e4 c6 2. d4 d5 3. e5 Bf5 4. g4 Bg6 5. h4 h6 6. h5 Bh7 7. Bd3 Bxd3 8. Qxd3 e6 9. f4 Qd7 10. Be3 Ne7 11. Nf3 b6 12. Nbd2 Qc8 13. b3 Nd7 14. c4 c5 15. Rc1 Qa6 16. Ke2 Rc8 17. f5 exf5 18. gxf5 dxc4 19. Nxc4 Nd5 20. Nd6+ Bxd6 21. Qxa6 1-0

[Event "HUN-chT2 Breyer 1617"]
[Site "Hungary"]
[Date "2017.02.26"]
[Round "7.11"]
[White "Gombocz, Judit"]
[Black "Pogany, Zsombor"]
[Result "0-1"]
[WhiteElo "1275"]
[BlackElo "1709"]
[PlyCount "82"]
[EventDate "2016.10.30"]
[EventType "team-tourn"]
[EventRounds "9"]
[EventCountry "HUN"]
[SourceTitle "EXT 2021"]
[Source "ChessBase"]
[SourceDate "2020.10.23"]
[SourceVersion "1"]
[SourceVersionDate "2020.10.23"]
[SourceQuality "1"]
[WhiteTeam "Paty"]
[BlackTeam "Zsambek"]
[WhiteTeamCountry "HUN"]
[BlackTeamCountry "HUN"]

1. d4 b5 2. Nf3 Bb7 3. e3 a6 4. b3 e6 5. Bb2 Nf6 6. Nbd2 Be7 7. Bd3 0-0 8. 0-0 c5 9. c4 b4 10. Re1 Nc6 11. e4 d5 12. e5 Nd7 13. cxd5 exd5 14. Qe2 Qb6 15. e6 Nf6 16. exf7+ Rxf7 17. Qe6 Qc7 18. Ng5 Nd8 19. Nxf7 Nxe6 20. Rxe6 Kxf7 21. Rae1 Re8 22. Nf3 Ne4 23. Re5 Bf6 24. Rf5 Bc8 25. Rxd5 Nc3 26. Ne5+ Bxe5 27. Rdxe5 Rxe5 28. Rxe5 cxd4 29. Bc4+ Kf6 30. Re1 Bf5 31. Bc1 Nxa2 32. Bd2 Nc3 33. g3 a5 34. Bf4 Qc6 35. Be5+ Kg6 36. h4 d3 37. Bf4 Ne2+ 38. Kh2 Nxf4 39. gxf4 Qf3 40. Rf1 Qh3+ 41. Kg1 Be4 0-1

[Event "HUN-chT2 Breyer 1617"]
[Site "Hungary"]
[Date "2016.10.30"]
[Round "1.12"]
[White "Pogany, Zsombor"]
[Black "Virag, Balint"]
[Result "1/2-1/2"]
[WhiteElo "1706"]
[BlackElo "1706"]
[PlyCount "116"]
[EventDate "2016.10.30"]
[EventType "team-tourn"]
[EventRounds "9"]
[EventCountry "HUN"]
[SourceTitle "EXT 2021"]
[Source "ChessBase"]
[SourceDate "2020.10.23"]
[SourceVersion "1"]
[SourceVersionDate "2020.10.23"]
[SourceQuality "1"]
[WhiteTeam "Zsambek"]
[BlackTeam "Budapest MTK II"]
[WhiteTeamCountry "HUN"]
[BlackTeamCountry "HUN"]

1. e4 e6 2. d4 d5 3. Nc3 Nf6 4. Bg5 Bb4 5. exd5 exd5 6. Bd3 c5 7. a3 Ba5 8. dxc5 d4 9. b4 dxc3 10. bxa5 0-0 11. Qf3 Nbd7 12. Ne2 Qxa5 13. h4 Qxc5 14. Be3 Qc7 15. Kf1 Ne5 16. Qg3 Nh5 17. Qh2 Qa5 18. Bd4 Nxd3 19. Bxc3 Qf5 20. cxd3 Qxd3 21. Qe5 Bf5 22. Re1 Rfe8 23. Qd4 Qxd4 24. Nxd4 Bd3+ 25. Kg1 Rxe1+ 26. Bxe1 Re8 27. Bc3 Nf6 28. Rh3 Bc4 29. Nf5 Ne4 30. Nxg7 Rd8 31. Nh5 Rd1+ 32. Kh2 Nxf2 33. Nf6+ Kf8 34. Re3 Be6 35. Kg3 Nd3 36. Nxh7+ Kg8 37. Ng5 Bd7 38. h5 f5 39. h6 f4+ 40. Kh4 Rh1+ 41. Rh3 Rxh3+ 42. gxh3 Bf5 43. Nf3 Be4 44. Kg4 a6 45. Ng5 Bg6 46. h4 Nc1 47. h5 Bc2 48. Be5 Bh7 49. Nxh7 Kxh7 50. Bxf4 Nd3 51. Bd2 Ne5+ 52. Kf5 Nc4 53. Bc1 b5 54. Ke4 Nb6 55. Kd4 Na4 56. Bd2 Nb2 57. Kc3 Nc4 58. Bc1 Nxa3 1/2-1/2